| 000 | 01240nam a22003017a 4500 | ||
|---|---|---|---|
| 999 |
_c161782 _d161782 |
||
| 005 | 20210728125410.0 | ||
| 010 | _a1819CHEN B-718566-649 B-740673 | ||
| 020 |
_a9788181537515 Pt.1 _c120.00 each |
||
| 020 |
_a9788181537522 Pt.2 _c120.00 each |
||
| 020 |
_a9788181537539 Pt.3 _c120.00 each |
||
| 020 |
_a9788181537546 Pt.4 _c120.00 each |
||
| 035 | _aB-718566-649 | ||
| 035 | _aB-728558-561 | ||
| 035 | _aB-740673 | ||
| 037 | _bRainbow Books | ||
| 037 | _bGift | ||
| 082 | _a030 | ||
| 245 |
_aRainbow children's first concise encyclopedia / _ccompiled and edited by Akankasha |
||
| 260 |
_aDelhi _bRainbow Books _c2017 |
||
| 270 |
_aF-32, Street No.12, Parwana Road, Jagat Puri, _bDelhi _e110051 |
||
| 300 |
_a4Pts.(160p.; 160p.; 160p.; 160p.): _c21cm(pbk) _bill. |
||
| 500 | _aAirport | ||
| 700 | _aAkankasha | ||
| 942 |
_2ddc _cCH _mRAI _h030 |
||